000 00441nam a2200181Ia 4500
008 230524s9999 xx 000 0 und d
020 _a8170088259
082 _a526.982
_bPUN
100 _aDr. B.C. Punmia
245 0 _aHigher Surveying: Surveying -III
250 _a15
260 _aNew Delhi
_bLaxmi Pub.
_c2013
300 _a271p;
500 _aQuantity Number: 15
650 _aCivil
700 _aAshok Kumar Jain
942 _cBK
999 _c55210
_d55210